| 000 | 01634nam a22002897a 4500 | ||
|---|---|---|---|
| 005 | 20170124102927.0 | ||
| 010 | _aA-440256 | ||
| 020 | _c210.00 | ||
| 035 | _aA-440256 | ||
| 037 | _bCen Lib/Ret | ||
| 040 |
_aDPL _bHN |
||
| 082 |
_a409.54 _bभारतीय |
||
| 245 |
_aभारतीय भाषाओं पर भाषावैज्ञानिक शोध की वर्गीकृत राज्य ग्रन्थ सूची / _cसंपादक हंसराज दुआ, जगदीश चन्द्र [एवं] सुधीर कुमार माथुर |
||
| 246 |
_aBhartiye bhashaon par bhashavegyanik shodh ki vargikrit rajye granthsoochi / _bsampadak Hansraj Dua, Jagdish Chandra Sharma [and] Sudhir Kumar Mathur |
||
| 260 |
_aमैसूर _bभारतीय भषा संसथान _c1983 |
||
| 270 |
_aमंसंग्गोत्री _bमैसूर _e570006 |
||
| 300 |
_axlii,540पृ. _c24सेमी(सजिल्द) |
||
| 490 |
_aभारतीय भाषा संसथान प्रलेख ग्रंथमाला _v5 |
||
| 650 |
_aइतिहासिक भाषाविज्ञान _943976 |
||
| 650 |
_aभाषाविज्ञान -- इतिहास _95755 |
||
| 650 |
_aHistorical linguistics _943977 |
||
| 650 |
_aLinguistics -- History _943978 |
||
| 700 |
_a दुआ, हंसराज _943260 |
||
| 700 |
_aचन्द्र, जगदीश _943971 |
||
| 700 |
_aमाथुर, सुधीर कुमार _943972 |
||
| 942 |
_2ddc _cHN _h409.54 _mभारतीय |
||
| 999 |
_c111662 _d111662 |
||